000 00517nam a22002051a 4500
001 1920
003 OSt
005 20260204211752.0
008 070104s1982||||mx ||||||b||||||||||spa||
020 _a9688800562
050 _a158.7 S25p
100 _aSchein, Edgar H.
245 _aPsicología de la organización / Edgar H. Schein
250 _a3
264 _aMéxico: Pearson Educación
300 _a252 p
500 _aIncluye indice y bibliografía
650 _aPsicología IndustrialÌ
942 _2ddc
_cBK
999 _c1920
_d1920